25 najwyższych szczytów polskich Tatr - Statystyki

Ogólne statystyki
  • Ten quiz został rozwiązany 40 razy
  • Średni wynik to 9 z 25
Statystyki odpowiedzi
Numer Wysokość
(m n.p.m.)
Nazwa szczytu % Poprawnych
1. 2499 (2503) Rysy
100%
10. 2301 Świnica
89%
11. 2291 Kozi Wierch
81%
2. 2438 Mięguszowiecki Szczyt
81%
3. 2430 Niżne Rysy
59%
6. 2376 Cubryna
52%
4. 2410 Mięguszowiecki Szczyt Czarny
48%
21. 2234 Zadni Granat
48%
22. 2233 Pośredni Granat
44%
25. 2193 Skrajny Granat
44%
5. 2393 Mięguszowiecki Szczyt Pośredni
41%
24. 2225 Mały Kozi Wierch
37%
15. 2262 Niebieska Turnia
37%
12. 2291 Żabi Koń
37%
23. 2228 Miedziane
26%
19. 2242 Buczynowa Strażnica
19%
8. 2372 Hińczowa Turnia
19%
7. 2373 Wołowa Turnia
19%
13. 2280 Gąsienicowa Turnia
15%
18. 2247 Zawratowa Turnia
15%
14. 2266 Kozie Czuby
11%
16. 2259 Żabi Szczyt Wyżni
11%
20. 2240 Czarne Ściany
4%
17. 2252 Spadowa Kopa
0%
9. 2336 Żabia Turnia Mięguszowiecka
0%
Nie znaleziono quizów pasujących do podanych kryteriów
Rozkład punktacji
Procent ludzi z każdym wynikiem
Percentyl według liczby udzielonych odpowiedzi
Twoja historia wyników
Nie rozwiązałeś tego quizu